00469nam a2200193 a 4500001001300000003000900013005001700022008004100039020001000080082001600090100001700106245001500123260003100138300000900169500003500178505001000213650003500223700001700258nice12345678IN_TiNIC20260116011416.0050524s1923 teha grp 000 0 per  ac10000a891.51bAHM aAhmed, Mulla aAl-Taqdees aTehranbNo Publisherc1923 a300p aincludes index and biblioraphy2 aIndex aPersian Poetry-Hairat Badayuni1 aAhmed, Mulla